<?xml version="1.0" encoding="UTF-8"?>
<collection xmlns="http://www.loc.gov/MARC21/slim">
 <record>
  <leader>00521pamaa2200157   4500</leader>
  <controlfield tag="001">0000045640</controlfield>
  <controlfield tag="005">20090702090000.0</controlfield>
  <controlfield tag="008">090702</controlfield>
  <datafield tag="020" ind1="0" ind2="0">
   <subfield code="a">9789675227042 (pbk.) </subfield>
  </datafield>
  <datafield tag="090" ind1="0" ind2="0">
   <subfield code="a">QC981.7.U7 </subfield>
   <subfield code="b">SHA 2009</subfield>
  </datafield>
  <datafield tag="100" ind1="1" ind2="1">
   <subfield code="a">Sham Sani </subfield>
  </datafield>
  <datafield tag="245" ind1="0" ind2="4">
   <subfield code="a">The politics of climate change : </subfield>
   <subfield code="b">international responses and Malaysia  </subfield>
   <subfield code="c">Sham Sani.</subfield>
  </datafield>
  <datafield tag="260" ind1="0" ind2="0">
   <subfield code="a">Bangi, Selangor: </subfield>
   <subfield code="b">Institut Alam Sekitar dan Pembangunan, </subfield>
   <subfield code="c">2009.</subfield>
  </datafield>
  <datafield tag="300" ind1=" " ind2=" ">
   <subfield code="a">92p: </subfield>
   <subfield code="b">ill.; </subfield>
   <subfield code="c">24 cm.</subfield>
  </datafield>
  <datafield tag="650" ind1="0" ind2="0">
   <subfield code="a">Climatic changes -- </subfield>
   <subfield code="x">Government policy -- </subfield>
   <subfield code="z">Malaysia </subfield>
  </datafield>
  <datafield tag="901" ind1=" " ind2=" ">
   <subfield code="u">www.ukm.gov</subfield>
  </datafield>
 </record>
</collection>
